000 00708nas a2200253 4500
001 BR8603338
003 BR-BrBNA
005 20231205090533.0
007 ta
008 230509b bl.|||p| |||| 00| 00por d
040 _aBR-BrBNA
_bpor
_cBiblioteca Nacional de Agricultura
041 _a(Pt)
072 _aQ52
100 1 _aAlmeida, E.X. de
100 1 _aFreitas, E.A.G. de
245 1 _aAproveite a cama de frango para melhorar a racao
650 _aCAMA DE GALINHEIRO
650 _aRACAO
650 _aENSILAGEM
650 _aBOVINO
773 0 _tGranja (Brazil)
_xISSN 0367-505X
_g(Feb 1986), v. 42(457) p. 16-17
_wBR8603338
909 _a202311
_bLúcia
_c55
_dLúcia Elande
942 _2AGRIS
_n0
_cANA
999 _c119138
_d119138